000 00434nam a2200193Ia 4500
008 101110s9999 xx 000 0 und d
041 _aENGLISH
082 _bSR16618
_a330.12
100 _aDesai S.M.
245 _aEconomic Systems
365 _b35
520 _aEconomics
546 _aENGLISH
630 _aEconomic Systems
650 _aEconomics
655 _aEconomics
730 _aEconomic Systems
942 _cBOOK
999 _c810344
_d810341